00958nam a2200265Ia 4500003000400000005001700004006001900021007000300040008004100043020003200084024001000116037002300126040002000149041001300169082001700182100002300199245010600222250000900328260005900337300002200396500022300418650001400641650001600655700002100671OSt20221007123410.0a|||||r|||| 00| 0 ta221006b |||||||| |||| 00| 0 eng d a8120320646 (pbk)cRs.395.00 a11190 bAshutosh,cTextual aPAPLcPAPLbeng 2engaeng aD65,2, P2-;1 aBoylestad Robert L 0aElectronic devices and circuit theory by Robert L Boylestad and Louis Nashelskyb Nashelsky Louis  aEd 8 aNewbDelhi Prentice-Hall of India Pvt. Ltd. c2002 axviii, 1020pccm. aAppendix A-E, 984-1011p; Index 1013-1020p; ^n23/CSL/CARPA/2003-2004/1001^b2003-11-10^mPurchase; ; 2003-04/500^b2003-11-20^cATB/131^d2003-11-10^eRs.6,111.00^fAshutosh Technical Books; ; 2004-01-16^bSB^c2004-01-16^dVinay a Circuits aElectronics a Nashelsky Louis